Villeros y villas miserias /

Guardado en:
Autor Principal: Ratier, Hugo E.
Formato: Libro
Publicado: Buenos Aires : Centro Editor de Am'rica Latina, 1971
Series:Vida y milagros de nuestro...
Materias:
Etiquetas: Agregar Etiqueta
Sin Etiquetas, Sea el primero en etiquetar este registro!
LEADER 00500nam a22001695a 4500
001 CEM.cems005304
005 20060220000000.0
008 130507s1971##################000#0#####d
003 CEMS
082 0 4 |a 309.182 
100 1 |a Ratier, Hugo E. 
245 1 0 |a Villeros y villas miserias / 
260 |a Buenos Aires :  |b Centro Editor de Am'rica Latina,  |c 1971 
300 |a 112 p. 
490 0 |a Vida y milagros de nuestro... 
653 |a Villa miseria 
859 |a CEMS  |b BIB. CEMS - 11 de abril  |h 309.182  |i R189  |p 16704.92  |t Ej.1